[Event "HUN-chT2 Toth 1718"]
[Site "Hungary"]
[Date "2017.12.03"]
[Round "5.10"]
[White "Nagy, Jozsef"]
[Black "Fekete, Alex"]
[Result "1-0"]
[WhiteElo "1854"]
[BlackElo "1794"]
[PlyCount "65"]
[EventDate "2017.09.24"]
[EventType "team-tourn"]
[EventRounds "11"]
[EventCountry "HUN"]
[SourceTitle "EXT 2021"]
[Source "ChessBase"]
[SourceDate "2020.10.23"]
[SourceVersion "1"]
[SourceVersionDate "2020.10.23"]
[SourceQuality "1"]
[WhiteTeam "Felegyhaza Csongrad"]
[BlackTeam "Kecskemet Toth Laszlo II"]
[WhiteTeamCountry "HUN"]
[BlackTeamCountry "HUN"]

1. d4 d5 2. Nf3 g6 3. Bf4 Bg7 4. Qc1 Nf6 5. h3 c5 6. dxc5 Qa5+ 7. c3 Qxc5 8. Bh6 0-0 9. Bxg7 Kxg7 10. Nbd2 Nc6 11. b4 Qd6 12. Qb2 h6 13. e3 Bf5 14. b5 Ne5 15. Nxe5 Qxe5 16. Nf3 Qc7 17. Rc1 Kh7 18. Be2 Rac8 19. 0-0 Ne4 20. c4 dxc4 21. Bxc4 Qa5 22. Rfd1 Nd6 23. Be2 Be6 24. Nd4 Bc4 25. Bxc4 Rxc4 26. Rxc4 Nxc4 27. Qb3 Rc8 28. Rc1 Qc7 29. Nf3 Qc5 30. Nd2 Nxd2 31. Qxf7+ Kh8 32. Rxc5 Rxc5 33. Qf8+ 1-0

[Event "HUN-chT2 Toth 1516"]
[Site "Hungary"]
[Date "2016.04.03"]
[Round "10.8"]
[White "Csipai, Levente"]
[Black "Fekete, Alex"]
[Result "1-0"]
[WhiteElo "1866"]
[BlackElo "1794"]
[PlyCount "57"]
[EventDate "2015.09.13"]
[EventType "team-tourn"]
[EventRounds "11"]
[EventCountry "HUN"]
[SourceTitle "EXT 2017"]
[Source "ChessBase"]
[SourceDate "2016.10.25"]
[SourceVersion "1"]
[SourceVersionDate "2016.10.25"]
[SourceQuality "1"]
[WhiteTeam "Szentes Integral"]
[BlackTeam "Toth Laszlo II"]
[WhiteTeamCountry "HUN"]
[BlackTeamCountry "HUN"]

1. d4 d5 2. c4 c6 3. Nc3 Nf6 4. Nf3 g6 5. Bg5 Bg7 6. e3 0-0 7. Qb3 e6 8. Be2 Nbd7 9. 0-0 Re8 10. Rac1 h6 11. Bh4 Nb6 12. Ne5 Qe7 13. c5 Nbd7 14. f4 Nxc5 15. dxc5 Qxc5 16. Ne4 Qe7 17. Nxf6+ Bxf6 18. Bxf6 Qxf6 19. Rf3 Kg7 20. Bd3 Rg8 21. Qc3 Kh7 22. Rh3 Kg7 23. Rxh6 a6 24. g4 Qxe5 25. Qxe5+ Kxh6 26. g5+ Kh7 27. Rf1 Bd7 28. Rf3 Rg7 29. Qc7 1-0

[Event "HUN-chT2 Toth 1314"]
[Site "Hungary"]
[Date "2014.03.02"]
[Round "8.9"]
[White "Fekete, Alex"]
[Black "Strifler, Janos"]
[Result "1-0"]
[WhiteElo "1736"]
[BlackElo "1797"]
[PlyCount "92"]
[EventDate "2013.09.08"]
[EventType "team-tourn"]
[EventRounds "11"]
[EventCountry "HUN"]
[SourceTitle "EXT 2016"]
[Source "ChessBase"]
[SourceDate "2015.10.08"]
[SourceVersion "1"]
[SourceVersionDate "2015.10.08"]
[SourceQuality "1"]
[WhiteTeam "Toth Laszlo II"]
[BlackTeam "Gyula"]
[WhiteTeamCountry "HUN"]
[BlackTeamCountry "HUN"]

1. d4 d5 2. g3 e6 3. Bg2 Nf6 4. Nf3 Be7 5. 0-0 0-0 6. Re1 c5 7. c3 Nc6 8. Qc2 Bd7 9. Bf4 Qc8 10. dxc5 Bxc5 11. Nbd2 Ng4 12. Be3 Bxe3 13. fxe3 Nxe3 14. Qd3 Nxg2 15. Kxg2 h6 16. Rad1 Rd8 17. Rf1 Be8 18. Qe3 Ne7 19. Qf2 Qc7 20. Nb3 b6 21. Nfd4 Ng6 22. h4 Qe7 23. Rd3 Ne5 24. Rdd1 Ng4 25. Qf3 Nf6 26. Qe3 Rac8 27. Kg1 Ne4 28. Nd2 Nxd2 29. Qxd2 Qc5 30. Kh2 e5 31. Nf5 Bd7 32. b4 Qf8 33. Qe3 Bxf5 34. Rxf5 f6 35. Rdf1 Qd6 36. Qf3 d4 37. Qg4 Kh8 38. Qg6 Qe7 39. Rh5 Qc7 40. Rxf6 Rf8 41. Rxh6+ gxh6 42. Qxh6+ Qh7 43. Rxf8+ Rxf8 44. Qxf8+ Qg8 45. Qxg8+ Kxg8 46. cxd4 exd4 1-0

[Event "HUN-chT2 Toth 1314"]
[Site "Hungary"]
[Date "2013.10.20"]
[Round "3.11"]
[White "Fekete, Alex"]
[Black "Marton, Attila"]
[Result "1-0"]
[WhiteElo "1736"]
[BlackElo "1681"]
[PlyCount "65"]
[EventDate "2013.09.08"]
[EventType "team-tourn"]
[EventRounds "11"]
[EventCountry "HUN"]
[SourceTitle "EXT 2016"]
[Source "ChessBase"]
[SourceDate "2015.10.08"]
[SourceVersion "1"]
[SourceVersionDate "2015.10.08"]
[SourceQuality "1"]
[WhiteTeam "Toth Laszlo II"]
[BlackTeam "Kecskemet Takisz"]
[WhiteTeamCountry "HUN"]
[BlackTeamCountry "HUN"]

1. d4 Nf6 2. c4 e6 3. Nf3 b6 4. g3 Bb7 5. Bg2 c5 6. e3 Be7 7. 0-0 0-0 8. Nc3 d5 9. cxd5 exd5 10. Bd2 Ne4 11. Ne5 Nd7 12. Nxe4 dxe4 13. Nxd7 Qxd7 14. Bc3 Rfd8 15. Qc2 Qe6 16. Rfd1 Rac8 17. dxc5 Bxc5 18. a3 Bd5 19. Qe2 Bc4 20. Rxd8+ Rxd8 21. Qe1 Bb3 22. Rc1 a5 23. Bf1 Qd5 24. Qe2 f5 25. Qb5 Kf8 26. Bxa5 Bxe3 27. Bb4+ Bc5 28. Bxc5+ bxc5 29. Rxc5 Qd1 30. Rxf5+ Kg8 31. Kg2 Qc2 32. Rc5 Qd1 33. Be2 1-0

[Event "HUN-chT2 Toth 1112"]
[Site "Hungary"]
[Date "2012.05.06"]
[Round "10.12"]
[White "Egyed, Judit"]
[Black "Fekete, Alex"]
[Result "1-0"]
[WhiteElo "1646"]
[BlackElo "1697"]
[PlyCount "69"]
[EventDate "2011.09.25"]
[EventType "team-tourn"]
[EventRounds "11"]
[EventCountry "HUN"]
[SourceTitle "EXT 2013"]
[Source "ChessBase"]
[SourceDate "2012.11.22"]
[SourceVersion "1"]
[SourceVersionDate "2012.11.22"]
[SourceQuality "1"]
[WhiteTeam "Karcag"]
[BlackTeam "Toth Laszlo"]
[WhiteTeamCountry "HUN"]
[BlackTeamCountry "HUN"]

1. e4 c5 2. Nf3 d6 3. d4 cxd4 4. Nxd4 Nc6 5. Nc3 Nf6 6. Be3 g6 7. f3 Bg7 8. Qd2 Bd7 9. 0-0-0 0-0 10. g4 Nxd4 11. Bxd4 Qa5 12. h4 h5 13. gxh5 Qxh5 14. Be2 Kh7 15. Bxf6 Bxf6 16. Nd5 Bg7 17. Rdg1 Qe5 18. c3 Bh6 19. f4 Qxe4 20. Bd3 Qf3 21. h5 Bf5 22. hxg6+ fxg6 23. Qh2 Qh5 24. Qf2 Bxd3 25. Rxh5 gxh5 26. Qe3 Bg6 27. Qxe7+ Rf7 28. Qxd6 Rg7 29. Nf6+ Kh8 30. Nxh5 Rag8 31. Nxg7 Rxg7 32. Rh1 Kh7 33. Qf6 Be8 34. Rxh6+ Kg8 35. Qe6+ 1-0